| 000 | 00478nam a22001457a 4500 | ||
|---|---|---|---|
| 003 | MACL | ||
| 005 | 20190522161133.0 | ||
| 008 | 190522b xxu||||| |||| 00| 0 eng d | ||
| 040 | _cMACL | ||
| 100 |
_aरेगे पुरूषोत्तम शिवराम _974919 |
||
| 245 | _aतीन सहेलियॉं | ||
| 260 |
_aदिल्ली _bभारतीय ज्ञानपीठ |
||
| 650 |
_aकहानियॉं _974920 |
||
| 942 |
_2ddc _cHIN |
||
| 999 |
_c59806 _d59806 |
||